French Verbs - Statistics

General Stats
  • This quiz has been taken 40 times
  • The average score is 22 of 29
Answer Stats
Hint Answer % Correct
have avoir
97%
be être
94%
go aller
91%
do faire
89%
speak parler
89%
see voir
86%
arrive arriver
83%
understand comprendre
83%
say dire
83%
finish finir
83%
work travailler
83%
think penser
80%
take prendre
80%
start commencer
77%
come venir
77%
want vouloir
77%
know connaitre
74%
can pouvoir
74%
know savoir
74%
go out sortir
74%
enter entrer
71%
ask demander
69%
give donner
69%
call appeler
63%
leave partir
63%
answer répondre
60%
return retourner
60%
put mettre
57%
have to devoir
54%
No matching quizzes found
Score Distribution
Percent of People with Each Score
Percentile by Number Answered
Your Score History
You have not taken this quiz